Chodzič po ziemi
Guardado en:
| Autor principal: | |
|---|---|
| Formato: | Libro |
| Lenguaje: | polaco |
| Publicado: |
Warszawa
Ksiazka i Wiedza
1987
|
| Etiquetas: |
Sin Etiquetas, Sea el primero en etiquetar este registro!
|
MARC
| LEADER | 00000nam a2200000 4500 | ||
|---|---|---|---|
| 001 | c111321 | ||
| 005 | 20041019155149.4 | ||
| 041 | 0 | |a pol | |
| 044 | |a PL | ||
| 245 | 1 | 0 | |a Chodzič po ziemi |c Janusz Obodowski |
| 264 | 1 | |a Warszawa |b Ksiazka i Wiedza |c 1987 | |
| 300 | |a 358 s. | ||
| 100 | 1 | |a Obodowski, Janusz | |